|
|
|
|
| LEADER |
01387nam a2200301 a 4500 |
| 001 |
2978 |
| 003 |
BD-DhAAL |
| 005 |
20150304122740.0 |
| 008 |
150304s1995 nyuaf b 001 0beng |
| 010 |
|
|
|a 94017864
|
| 020 |
|
|
|a 0471042277 (acidfree paper)
|
| 040 |
|
|
|a DLC
|c DLC
|d DLC
|d BD-DhAAL
|
| 050 |
0 |
0 |
|a HC102.5.L493
|b A3 1995
|
| 082 |
0 |
0 |
|a 338/.04/092
|a B
|2 20
|
| 100 |
1 |
|
|a Lewis, Reginald F.,
|d 1942-1993.
|9 9065
|
| 245 |
1 |
0 |
|a Why should white guys have all the fun? :
|b how Reginald Lewis created a billion-dollar business empire /
|c Reginald F. Lewis and Blair S. Walker.
|
| 260 |
|
|
|a New York :
|b Wiley,
|c c1995.
|
| 300 |
|
|
|a xvii, 318 p., [16] p. of plates :
|b ill. ;
|c 24 cm.
|
| 504 |
|
|
|a Includes bibliographical references and index.
|
| 541 |
|
|
|e 2978
|
| 600 |
1 |
0 |
|a Lewis, Reginald F.,
|d 1942-1993.
|9 9066
|
| 650 |
|
0 |
|a African American businesspeople
|v Biography.
|9 9067
|
| 650 |
|
0 |
|a Millionaires
|z United States
|v Biography.
|9 9068
|
| 700 |
1 |
|
|a Walker, Blair S.
|9 9069
|
| 942 |
|
|
|2 ddc
|c BK
|
| 999 |
|
|
|c 33885
|d 33885
|
| 952 |
|
|
|0 0
|1 0
|2 ddc
|4 0
|6 338_040920000000000_LEW
|7 0
|9 52888
|a SCL
|b SCL
|c GEN
|d 2015-03-04
|e Gift: The Asia Foundation
|l 0
|o 338.04092 LEW
|p 3020002978
|r 2015-03-04
|t 1
|w 2015-03-04
|y BK
|
| 952 |
|
|
|0 0
|1 0
|2 ddc
|4 0
|6 338_040920000000000_LEW
|7 0
|9 53590
|a SCL
|b SCL
|c GEN
|d 2015-04-28
|e Gift: The Asia Foundation
|l 1
|m 1
|o 338.04092 LEW
|p 3020002963
|r 2023-10-18
|s 2023-09-25
|t 2
|w 2015-04-28
|y BK
|